000 00303nam a2200133Ia 4500
005 20251222155153.0
008 251222s9999||||xx |||||||||||||| ||spa||
082 _aMEQ. 97.3
100 _aCAMACHO Jairo.
245 0 _aPrimeros Auxilios Tomo 3
250 _a1ra. ed.
264 _bORBIS
942 _cLIB
999 _c39641
_d39641